1457 1916 1816 1648 1836 1681 1193 1501 1565 1828 1756 1749 1743 1807 1006 1574 1381 1426 1024 1636 1359 1137 1795 1519 1235 1203 1319 1867 1889 1828 1141 1359 1891 1720 1859 1776 1672 1769 1550 1826 1635 1776 1981 1016 1316 1765 1244 1981 1909 1050 1056 1984 1738 1195 1041 1073 1049 1630 1491 1900 1490 1264 1788 1870 1946 1462 1745 1731 1199 1771 1948 1916 1693 1027 1192 1991 1591 1417 1500 1073 1206 1448 1982 1435 1105 1421 1049 1050 1883 1926 1003 1759 1170 1973 1463 1116 1582 1621 1744 BCNSPRNW ULIB Ver.6.0+V

เปลี่ยนเป็นภาษาไทย

Change to English
 แสดงรายละเอียดบรรณานุกรม
  กลับหน้าหลัก

Brief Record : Get Marc (ISO 2709) : E-mail record : QR code < ปิดหน้าต่าง
LEADER : 00000nam 2200000uu 4500
001    13399108030
003     ULIB
008    110215s2545||||th 000 0 tha d
020    9749026314
060 04 QT255^bจ631ย 2545
100 0  จุฑาภรณ์ สกุลศักดิ์
245 10 โยคะฝึกจิตพิชิตโรค /^cจุฑาภรณ์ สกุลศักดิ์
260    กรุงเทพฯ :^bโครงการร่มเยาวพุทธ,^c2545
300    (6), 114 หน้า :^bภาพประกอบ ;^c24 ซม.
650  7 กายบริหาร
650  7 การรักษาโรค
650  7 โยคะ (กายบริหาร)
945    ^p130^l0^i024905
945    ^p130^l0^i024904
945    ^p130^l0^i024903
945    ^p130^l0^i024902
945    ^p130^l0^i024901
945    ^p130^l0^i018421
995    ทศพร
999 ^a ใช้งานได้ทุกระบบ
รายการนี้ยังไม่มีแท็ก
คุณยังไม่ได้ล็อกอิน คุณสามารถมีกิจกรรมร่วมกับเว็บไซต์ได้ แต่ต้องล็อกอินก่อน ::
  ล็อกอิน

รายการสื่อสารสนเทศ

ลำดับที่ ประเภท เลขเรียก/บาร์โค้ด สถานที่ สถานะ
- ไม่พบข้อมูล -

รายการใกล้เคียง
    หัวเรื่อง [กายบริหาร]
    หัวเรื่อง [การรักษาโรค]
    หัวเรื่อง [โยคะ (กายบริหาร)]

BibComment


ยังไม่เคยถูกคอมเมนท์

คอมเมนท์ทรัพยากรรายการนี้
  คอมเมนท์: โยคะฝึกจิตพิชิตโร..


 Copyright 2026. Bcnsprnw @Library